JISの部門記号 - Statistics

General Stats
  • This quiz has been taken 6 times
  • The average score is 5 of 20
Answer Stats
部門 記号 % Correct
一般機械 B
50%
パルプ及び紙 P
50%
土木及び建築 A
33%
化学 K
33%
鉱山 M
33%
電子機器及び電気機械 C
17%
自動車 D
17%
鉄道 E
17%
船舶 F
17%
鉄鋼 G
17%
非鉄金属 H
17%
繊維 L
17%
管理システム Q
17%
窯業 R
17%
日用品 S
17%
医療安全用具 T
17%
航空 W
17%
情報処理 X
17%
サービス Y
17%
その他 Z
17%
No matching quizzes found
Score Distribution
Percent of People with Each Score
Percentile by Number Answered
Your Score History
You have not taken this quiz